Twelfth night, or, What you will (Record no. 124234)
[ view plain ]
| 000 -LEADER | |
|---|---|
| fixed length control field | 01643nam a2200421 a 4500 |
| 082 04 - DEWEY DECIMAL CLASSIFICATION NUMBER | |
| Classification number | 822.3/3 |
| 100 1# - MAIN ENTRY--AUTHOR NAME | |
| Personal name | Shakespeare, William, |
| 245 10 - TITLE STATEMENT | |
| Title | Twelfth night, or, What you will |
| 260 ## - PUBLICATION, DISTRIBUTION, ETC. (IMPRINT) | |
| Place of publication | New Haven : |
| Name of publisher | Yale University Press, |
| Year of publication | c2007. |
| 300 ## - PHYSICAL DESCRIPTION | |
| Number of Pages | xxix, 161 p. |
| 490 1# - SERIES STATEMENT | |
| Series statement | The annotated Shakespeare |
| 650 #0 - SUBJECT ADDED ENTRY--TOPICAL TERM | |
| Topical Term | Shipwreck survival |
| Topical Term | Brothers and sisters |
| Topical Term | Mistaken identity |
| Topical Term | Twins |
| 700 1# - ADDED ENTRY--PERSONAL NAME | |
| Personal name | Raffel, Burton. |
| Personal name | Bloom, Harold. |
| 856 40 - ELECTRONIC LOCATION AND ACCESS | |
| Uniform Resource Identifier | http://site.ebrary.com/lib/rucke/Doc?id=10210280 |
No items available.
